00859 2200301 4500001002100000005001500021035002000036007000300056040001700059100003300076245008200109250000900191300003700200020002200237041000800259082001200267084001800279090002300297264003100320336002100351337003000372338002300402650001300425700004500438850001000483008004100493990002300534INLIS00000000000794520260529110636 a0010-0922000434ta aSBPUPADbind0 aHappy ChandralekaePengarang1 aKiat Praktis Mengamankan Data Pada Microsoft Office 2007 /cHappy Chandraleka aEd.1 axvi, 128nhlm :bilus ;c14x21 cm a978-979-29-0390-4 aind a658.428 a658.428 HAP k a658.428 HAP k 24-4 aYogyakarta; :bANDI,c2007 2rdacontentateks 2rdamediaatanpa perantara 2rdacarrieravolume 4aKomputer aEditor, Agnes Heni TriyulianaePengarang aPUPAD260529 0  a8229/BR/ARPUS/2008